000 00336nam a2200121Ia 4500
008 220204s9999 xx 000 0 und d
020 _a0415286085
082 _a91:004
_bKEN
100 _aKennedy, Michael
245 4 _aThe Global positioning system and GIS : An introduction
260 _aNew York
_bTaylor & Francis
_c2002
942 _cBK
999 _c42254
_d42254